| 000 | 00829 a2200169 4500 | ||
|---|---|---|---|
| 003 | Nust | ||
| 005 | 20221024144148.0 | ||
| 040 | _cNust | ||
| 082 | _a621.092,CAR | ||
| 100 |
_aCarroll, Johan M. _9101261 |
||
| 245 |
_aMechanical design for electronics production / _cJohan M. Carroll |
||
| 260 |
_aNew York _bMcGraw-Hill _c1956 |
||
| 300 | _axix,348 P. | ||
| 505 | _aThe Importance of Mechanical Design (Page-1), Space Planning in Equipment Design (Page-7), Chassis Design and Layout (Page-35), Fabricating the Chassis (Page-68), Manufacturing Small Parts (Page-106), Electric Motors and Rotating Comments (Page-189), Wiring and Soldering (Page-220), Assembly Methods (Page-258), Cabinet Testing (Page-285), Environmental Factors in Equipment Design (Page-307). | ||
| 650 |
_aElectronic production _9101262 |
||
| 942 |
_2ddc _cBK |
||
| 999 |
_c190904 _d190904 |
||